000 00493nam a2200181Ia 4500
999 _c107
_d107
003 OSt
005 20211103124144.0
008 190216s9999||||xx |||||||||||||| ||und||
040 _coclc
082 _a297
_bNAD/Q
100 _aNadiri, Abdul Hasan Ali
_98708
245 0 _aAl Qadiyani /
_cAbdul Hasan Ali Nadiri
250 _a2nd Ed.
260 _bAl Mathbahathul Kaslookiya,
_aBeirut:
300 _a154p
650 _aArabic
942 _cBK
_2ddc
_h297
_iNAD/Q
_k297
_mNAD/Q